| 000 | 00377nam a22001577a 4500 | ||
|---|---|---|---|
| 003 | CEME | ||
| 005 | 20210628201947.0 | ||
| 008 | 210415b xxu||||| |||| 00| 0 eng d | ||
| 040 | _c. | ||
| 082 | _a621.395 SOL'F | ||
| 100 |
_aSalymar, L _957611 |
||
| 245 | _aFrom circuits to computers | ||
| 260 |
_aLONDON _bCHAPMAN & HALL _c1974 |
||
| 300 | _a184P, V-2 | ||
| 942 |
_cBK _2ddc |
||
| 999 |
_c567879 _d567879 |
||